00341nam a2200133Ia 4500008004100000041000800041082001600049100001800065245003700083250001400120260003000134300003200164365001100196240624s9999 xx 000 0 und d aeng a658.049 GRU aGRUNIG RUDOLF aPROCESS BASED STRATEGIC PLANNING a(2nd ed.) c2003aNew DelhibSpringer axxii, : 314 : p. : cm. ; 23 cRSb40